[Event "DVM U12 2018"]
[Site "Magdeburg GER"]
[Date "2018.12.28"]
[Round "3"]
[White "Werner, Rosalie"]
[Black "Reichmann, Felix"]
[Result "0-1"]
[Termination "normal"]
[Board "3.2"]
[WhiteElo "1572"]
[BlackElo "1640"]
[WhiteClock "00:15:10"]
[BlackClock "00:25:59"]
[WhiteTeam "VSG 1880 Offenbach"]
[BlackTeam "SF Nordost Berlin"]
[PlyCount "82"]
[WhiteFideId "16223748"]
[BlackFideId "16238290"]
[EventCountry "GER"]
[EventRounds "7"]
[EventType "team-swiss"]
[EventDate "2018.12.26"]

1. e4 {[%clk 1:30:56]} c5 {[%clk 1:30:57]} 2. Nf3 {[%clk 1:31:21]} g6 {[%clk
1:31:21]} 3. d4 {[%clk 1:31:45]} cxd4 {[%clk 1:31:48]} 4. Nxd4 {[%clk 1:32:09]}
Bg7 {[%clk 1:32:14]} 5. c4 {[%clk 1:32:29]} Nc6 {[%clk 1:32:42]} 6. Be3 {[%clk
1:32:51]} Nf6 {[%clk 1:33:09]} 7. Nc3 {[%clk 1:33:11]} Ng4 {[%clk 1:33:35]} 8.
Qxg4 {[%clk 1:29:18]} Nxd4 {[%clk 1:33:54]} 9. Qd1 Ne6 10. Qd2 {[%clk 1:27:31]}
O-O {[%clk 1:33:03]} 11. Be2 {[%clk 1:27:15]} b6 {[%clk 1:33:12]} 12. O-O
{[%clk 1:26:21]} Bb7 {[%clk 1:33:21]} 13. f3 {[%clk 1:26:23]} Rc8 {[%clk
1:32:02]} 14. Rac1 {[%clk 1:26:14]} d6 {[%clk 1:31:12]} 15. b3 {[%clk 1:26:19]}
Qd7 {[%clk 1:31:15]} 16. Rfd1 {[%clk 1:25:28]} Rfd8 {[%clk 1:29:01]} 17. Nd5
{[%clk 1:17:03]} Bxd5 {[%clk 1:12:00]} 18. exd5 {[%clk 1:16:22]} Nc7 {[%clk
1:08:21]} 19. f4 {[%clk 1:07:09]} e5 {[%clk 1:02:38]} 20. Bf3 {[%clk 0:59:53]}
f5 {[%clk 0:54:10]} 21. fxe5 {[%clk 0:54:22]} Bxe5 {[%clk 0:52:37]} 22. Bd4
{[%clk 0:53:19]} Bxd4+ {[%clk 0:51:43]} 23. Qxd4 {[%clk 0:53:35]} Re8 {[%clk
0:51:57]} 24. Re1 {[%clk 0:52:27]} Re7 {[%clk 0:49:27]} 25. Rxe7 {[%clk
0:44:23]} Qxe7 {[%clk 0:49:10]} 26. Kf1 {[%clk 0:43:23]} Re8 {[%clk 0:48:42]}
27. Qd2 {[%clk 0:43:30]} Na6 {[%clk 0:32:34]} 28. b4 {[%clk 0:40:17]} Qe3
{[%clk 0:31:58]} 29. Qb2 {[%clk 0:35:10]} Nxb4 {[%clk 0:25:19]} 30. Be2 {[%clk
0:21:55]} Qf4+ {[%clk 0:22:00]} 31. Kg1 {[%clk 0:15:31]} Rxe2 {[%clk 0:22:11]}
32. Qxe2 {[%clk 0:15:40]} Qxc1+ {[%clk 0:22:35]} 33. Kf2 {[%clk 0:16:04]} Qc2
{[%clk 0:23:00]} 34. Qxc2 {[%clk 0:16:06]} Nxc2 {[%clk 0:23:24]} 35. Ke2 {[%clk
0:15:46]} Kf7 {[%clk 0:23:49]} 36. Kd2 {[%clk 0:16:01]} Nb4 {[%clk 0:24:13]}
37. a3 {[%clk 0:16:15]} Na6 {[%clk 0:24:40]} 38. Kc3 {[%clk 0:16:21]} Kf6
{[%clk 0:25:07]} 39. Kd4 {[%clk 0:15:21]} g5 {[%clk 0:25:18]} 40. h3 {[%clk
0:15:24]} h5 {[%clk 0:25:42]} 41. g3 {[%clk 0:15:10]} Nc5 {[%clk 0:25:59]} 0-1

[Event "DVM U12 2018"]
[Site "Magdeburg GER"]
[Date "2018.12.28"]
[Round "3"]
[White "Duduka, Artem"]
[Black "Dixon, Laura Michaela"]
[Result "1-0"]
[Termination "normal"]
[Board "3.3"]
[WhiteElo "1589"]
[BlackElo "1481"]
[WhiteClock "01:22:43"]
[BlackClock "00:49:12"]
[WhiteTeam "SF Nordost Berlin"]
[BlackTeam "VSG 1880 Offenbach"]
[PlyCount "81"]
[WhiteFideId "14194805"]
[BlackFideId "16248708"]
[EventCountry "GER"]
[EventRounds "7"]
[EventType "team-swiss"]
[EventDate "2018.12.26"]

1. e4 {[%clk 1:30:33]} e5 {[%clk 1:30:50]} 2. Nf3 {[%clk 1:30:41]} Nc6 {[%clk
1:31:09]} 3. d4 {[%clk 1:30:52]} exd4 {[%clk 1:31:30]} 4. Nxd4 {[%clk 1:31:02]}
Nf6 {[%clk 1:31:41]} 5. Nxc6 {[%clk 1:31:01]} bxc6 {[%clk 1:31:48]} 6. e5
{[%clk 1:31:19]} Qe7 {[%clk 1:32:00]} 7. Qe2 {[%clk 1:31:34]} Nd5 {[%clk
1:31:59]} 8. c4 {[%clk 1:31:54]} Ba6 {[%clk 1:30:39]} 9. b3 {[%clk 1:32:04]}
Nb6 {[%clk 1:30:25]} 10. f4 {[%clk 1:25:09]} Qe6 {[%clk 1:29:24]} 11. Qf2
{[%clk 1:23:47]} O-O-O {[%clk 1:28:53]} 12. c5 {[%clk 1:20:01]} Bxf1 {[%clk
1:24:16]} 13. cxb6 {[%clk 1:20:13]} Bb5 {[%clk 1:21:50]} 14. bxc7 {[%clk
1:20:08]} Kxc7 {[%clk 1:18:20]} 15. Qxa7+ {[%clk 1:19:55]} Kc8 {[%clk 1:18:32]}
16. Bd2 {[%clk 1:19:50]} Bd6 {[%clk 1:10:50]} 17. Nc3 {[%clk 1:15:45]} Bb8
{[%clk 1:05:01]} 18. Qa8 {[%clk 1:15:33]} d6 {[%clk 1:04:02]} 19. Nxb5 {[%clk
1:15:31]} cxb5 {[%clk 1:04:13]} 20. Qc6+ {[%clk 1:15:56]} Bc7 {[%clk 1:04:15]}
21. Rc1 {[%clk 1:16:12]} Qe7 {[%clk 1:02:18]} 22. Ba5 {[%clk 1:16:31]} dxe5
{[%clk 0:53:12]} 23. Qa8+ {[%clk 1:15:50]} Kd7 {[%clk 0:52:58]} 24. Rxc7+
{[%clk 1:16:14]} Ke6 {[%clk 0:52:50]} 25. Rxe7+ {[%clk 1:16:33]} Kxe7 {[%clk
0:53:07]} 26. Bxd8+ {[%clk 1:16:59]} Rxd8 {[%clk 0:53:11]} 27. Qxd8+ {[%clk
1:17:21]} Kxd8 {[%clk 0:53:34]} 28. fxe5 {[%clk 1:17:48]} Ke7 {[%clk 0:53:41]}
29. Rf1 {[%clk 1:18:10]} Ke6 {[%clk 0:53:55]} 30. Ke2 {[%clk 1:18:36]} f6
{[%clk 0:53:45]} 31. exf6 {[%clk 1:19:04]} gxf6 {[%clk 0:53:41]} 32. a4 {[%clk
1:19:31]} Kd6 {[%clk 0:52:31]} 33. Rxf6+ {[%clk 1:19:56]} Kc7 {[%clk 0:49:12]}
34. Kd3 {[%clk 1:20:15]} bxa4 {[%clk 0:49:13]} 35. bxa4 {[%clk 1:20:41]} Kb7
{[%clk 0:49:28]} 36. Kc4 {[%clk 1:21:06]} Ka7 {[%clk 0:49:34]} 37. Kb5 {[%clk
1:21:32]} Kb7 {[%clk 0:49:15]} 38. Rf7+ {[%clk 1:21:57]} Kb8 {[%clk 0:49:13]}
39. Kc6 {[%clk 1:22:18]} Ka8 {[%clk 0:49:18]} 40. Kb6 {[%clk 1:22:43]} h6
{[%clk 0:49:12]} 41. Rf8# 1-0

[Event "DVM U12 2018"]
[Site "Magdeburg GER"]
[Date "2018.12.28"]
[Round "3"]
[White "Bergmann, Lennart"]
[Black "Beck, Felix"]
[Result "1/2-1/2"]
[Termination "normal"]
[Board "3.4"]
[WhiteElo "1515"]
[BlackElo "1414"]
[WhiteClock "00:55:29"]
[BlackClock "00:32:25"]
[WhiteTeam "VSG 1880 Offenbach"]
[BlackTeam "SF Nordost Berlin"]
[PlyCount "56"]
[WhiteFideId "16270657"]
[BlackFideId "16255364"]
[EventCountry "GER"]
[EventRounds "7"]
[EventType "team-swiss"]
[EventDate "2018.12.26"]

1. e4 {[%clk 1:30:58]} c6 {[%clk 1:30:54]} 2. d4 {[%clk 1:29:58]} d5 {[%clk
1:31:16]} 3. Nc3 {[%clk 1:30:23]} dxe4 {[%clk 1:31:39]} 4. Nxe4 {[%clk
1:30:44]} Bf5 {[%clk 1:32:03]} 5. Ng3 {[%clk 1:31:06]} Bg6 {[%clk 1:32:28]} 6.
h4 {[%clk 1:31:26]} h6 {[%clk 1:32:50]} 7. Nf3 {[%clk 1:31:50]} Nd7 {[%clk
1:33:08]} 8. h5 {[%clk 1:32:09]} Bh7 {[%clk 1:33:28]} 9. Bd3 {[%clk 1:32:32]}
Bxd3 {[%clk 1:33:52]} 10. Qxd3 {[%clk 1:32:58]} Ngf6 {[%clk 1:34:12]} 11. Bd2
{[%clk 1:33:15]} e6 {[%clk 1:33:42]} 12. O-O-O {[%clk 1:33:35]} Be7 {[%clk
1:33:52]} 13. Ne4 {[%clk 1:33:47]} Nxe4 {[%clk 1:29:48]} 14. Qxe4 {[%clk
1:34:11]} Nf6 {[%clk 1:28:49]} 15. Qd3 {[%clk 1:34:31]} c5 {[%clk 1:16:00]} 16.
Qb5+ {[%clk 1:25:17]} Qd7 {[%clk 1:13:07]} 17. Qxd7+ {[%clk 1:24:54]} Nxd7
{[%clk 1:13:29]} 18. Bc3 {[%clk 1:19:41]} Bf6 {[%clk 1:09:57]} 19. Rd3 {[%clk
1:14:22]} O-O {[%clk 1:02:51]} 20. Ne5 {[%clk 1:09:30]} Nxe5 {[%clk 0:59:07]}
21. dxe5 {[%clk 1:09:41]} Bg5+ {[%clk 0:56:27]} 22. Bd2 {[%clk 1:08:03]} Bxd2+
{[%clk 0:37:54]} 23. Rxd2 {[%clk 1:07:01]} Rfd8 {[%clk 0:35:56]} 24. Rhd1
{[%clk 1:07:07]} Rxd2 {[%clk 0:35:41]} 25. Rxd2 {[%clk 1:07:30]} b6 {[%clk
0:35:52]} 26. Rd7 {[%clk 1:00:52]} a6 {[%clk 0:34:31]} 27. Kd2 {[%clk 0:59:14]}
Kf8 {[%clk 0:33:05]} 28. Kc3 {[%clk 0:55:29]} Ke8 {[%clk 0:32:25]} 1/2-1/2

[Event "DVM U12 2018"]
[Site "Magdeburg GER"]
[Date "2018.12.28"]
[Round "3"]
[White "Klühs, Gustaf"]
[Black "Bungarten, Jona"]
[Result "1-0"]
[Termination "normal"]
[Board "4.1"]
[WhiteElo "1682"]
[BlackElo "1609"]
[WhiteClock "01:19:35"]
[BlackClock "01:09:50"]
[WhiteTeam "SC Borussia Lichtenberg"]
[BlackTeam "SF Brackel"]
[PlyCount "237"]
[WhiteFideId "16228936"]
[BlackFideId "16223608"]
[EventCountry "GER"]
[EventRounds "7"]
[EventType "team-swiss"]
[EventDate "2018.12.26"]

1. Nf3 {[%clk 1:30:58]} e6 {[%clk 1:30:49]} 2. g3 {[%clk 1:31:17]} d5 {[%clk
1:30:38]} 3. Bg2 {[%clk 1:31:41]} Nf6 {[%clk 1:30:56]} 4. O-O {[%clk 1:32:07]}
c6 {[%clk 1:31:07]} 5. d4 {[%clk 1:32:02]} Bd6 {[%clk 1:30:49]} 6. Nbd2 {[%clk
1:31:43]} Nbd7 {[%clk 1:30:38]} 7. c4 {[%clk 1:32:05]} O-O {[%clk 1:30:42]} 8.
Qc2 {[%clk 1:32:01]} Re8 {[%clk 1:30:40]} 9. e4 {[%clk 1:29:34]} e5 {[%clk
1:28:01]} 10. dxe5 {[%clk 1:27:21]} Nxe5 {[%clk 1:28:12]} 11. Nxe5 {[%clk
1:26:22]} Bxe5 {[%clk 1:28:19]} 12. cxd5 {[%clk 1:26:27]} cxd5 {[%clk 1:28:39]}
13. exd5 {[%clk 1:22:25]} Nxd5 {[%clk 1:28:15]} 14. Nc4 {[%clk 1:21:22]} Nb6
{[%clk 1:22:12]} 15. Nxe5 {[%clk 1:21:26]} Rxe5 {[%clk 1:22:06]} 16. Bf4 {[%clk
1:21:48]} Bf5 {[%clk 1:22:04]} 17. Qc3 {[%clk 1:20:26]} Re7 {[%clk 1:18:32]}
18. Rfd1 {[%clk 1:18:27]} Rd7 {[%clk 1:18:08]} 19. Rxd7 {[%clk 1:18:47]} Qxd7
{[%clk 1:18:35]} 20. Qf3 {[%clk 1:19:06]} Rc8 {[%clk 1:09:50]} 21. Qxb7 {[%clk
1:17:32]} Qxb7 {[%clk 1:10:18]} 22. Bxb7 {[%clk 1:17:55]} Rc2 {[%clk 1:10:10]}
23. b3 {[%clk 1:18:14]} f6 {[%clk 1:10:16]} 24. Be3 {[%clk 1:17:16]} Kf7 {[%clk
1:08:08]} 25. Bxb6 {[%clk 1:17:19]} axb6 {[%clk 1:08:36]} 26. Bd5+ {[%clk
1:17:11]} Ke7 {[%clk 1:08:59]} 27. a4 {[%clk 1:17:10]} Kd6 {[%clk 1:09:19]} 28.
Bc4 {[%clk 1:17:29]} Be4 {[%clk 1:08:11]} 29. Rd1+ {[%clk 1:06:51]} Kc5 {[%clk
1:06:34]} 30. Bd3 {[%clk 1:06:00]} Bxd3 {[%clk 1:06:42]} 31. Rxd3 {[%clk
1:06:27]} Rb2 {[%clk 1:05:51]} 32. Kg2 {[%clk 1:06:09]} Kb4 {[%clk 1:06:07]}
33. Rd6 {[%clk 1:06:30]} Rxb3 {[%clk 1:04:29]} 34. Rxb6+ {[%clk 1:06:55]} Kxa4
{[%clk 1:04:55]} 35. Ra6+ {[%clk 1:07:12]} Kb5 {[%clk 1:03:12]} 36. Ra7 {[%clk
1:07:36]} g5 {[%clk 1:03:14]} 37. Rf7 {[%clk 1:07:41]} Kc5 {[%clk 1:01:27]} 38.
Rxf6 {[%clk 1:08:05]} Kd4 {[%clk 1:01:33]} 39. Rf5 {[%clk 1:08:16]} h6 {[%clk
0:59:54]} 40. Rf6 {[%clk 1:08:41]} Ke5 {[%clk 1:00:07]} 41. Rxh6 {[%clk
1:09:06]} g4 {[%clk 0:59:45]} 42. Rh5+ {[%clk 1:08:58]} Kf6 {[%clk 1:00:09]}
43. Ra5 {[%clk 1:09:09]} Rb2 {[%clk 1:00:26]} 44. Ra4 {[%clk 1:09:17]} Kg5
{[%clk 1:00:50]} 45. Rf4 {[%clk 1:09:33]} Kh5 {[%clk 0:57:03]} 46. h3 {[%clk
1:09:35]} gxh3+ {[%clk 0:57:05]} 47. Kxh3 {[%clk 1:09:59]} Kg5 {[%clk 0:57:23]}
48. Kg2 {[%clk 1:10:24]} Kh5 {[%clk 0:57:44]} 49. Ra4 {[%clk 1:10:46]} Rb3
{[%clk 0:58:05]} 50. Re4 {[%clk 1:10:54]} Kg5 {[%clk 0:58:15]} 51. Re3 {[%clk
1:11:14]} Rb2 {[%clk 0:58:34]} 52. Kf3 {[%clk 1:11:37]} Rb4 {[%clk 0:58:59]}
53. Ra3 {[%clk 1:11:56]} Rb5 {[%clk 0:59:17]} 54. Ra4 {[%clk 1:11:17]} Rf5+
{[%clk 0:59:28]} 55. Ke3 {[%clk 1:11:36]} Re5+ {[%clk 0:59:52]} 56. Re4 {[%clk
1:11:30]} Rb5 {[%clk 0:59:57]} 57. Rd4 {[%clk 1:11:34]} Re5+ {[%clk 1:00:15]}
58. Kd3 {[%clk 1:12:00]} Rf5 {[%clk 1:00:33]} 59. Ke3 {[%clk 1:12:19]} Re5+
{[%clk 1:00:56]} 60. Kf3 {[%clk 1:12:44]} Rf5+ {[%clk 1:01:22]} 61. Kg2 {[%clk
1:12:30]} Rc5 {[%clk 1:01:37]} 62. Kh3 {[%clk 1:12:51]} Rc3 {[%clk 1:01:16]}
63. f4+ {[%clk 1:13:12]} Kf5 {[%clk 1:01:35]} 64. Kh4 {[%clk 1:13:20]} Rc1
{[%clk 1:01:28]} 65. g4+ {[%clk 1:13:38]} Kg6 {[%clk 1:01:53]} 66. Rd3 {[%clk
1:13:43]} Rh1+ {[%clk 1:02:11]} 67. Rh3 {[%clk 1:14:10]} Rf1 {[%clk 1:02:34]}
68. f5+ {[%clk 1:14:29]} Kf6 {[%clk 1:02:56]} 69. Ra3 {[%clk 1:14:09]} Rh1+
{[%clk 1:03:18]} 70. Kg3 {[%clk 1:12:40]} Rg1+ {[%clk 1:03:43]} 71. Kf3 {[%clk
1:13:00]} Kg5 {[%clk 1:03:24]} 72. Ra6 {[%clk 1:13:07]} Rf1+ {[%clk 1:02:14]}
73. Kg2 {[%clk 1:13:32]} Rb1 {[%clk 1:02:16]} 74. Rg6+ {[%clk 1:13:24]} Kf4
{[%clk 1:02:30]} 75. f6 {[%clk 1:13:06]} Rb6 {[%clk 1:01:29]} 76. f7 {[%clk
1:13:28]} Rxg6 {[%clk 1:01:57]} 77. f8=Q+ {[%clk 1:13:50]} Kxg4 {[%clk
1:02:20]} 78. Qf3+ {[%clk 1:13:38]} Kg5 {[%clk 1:02:31]} 79. Kg3 {[%clk
1:13:43]} Kh6+ {[%clk 1:01:54]} 80. Kh4 {[%clk 1:13:39]} Kg7 {[%clk 1:02:05]}
81. Qb7+ {[%clk 1:13:59]} Kf6 {[%clk 1:02:27]} 82. Qc6+ {[%clk 1:14:14]} Kf5
{[%clk 1:02:50]} 83. Qd5+ {[%clk 1:14:36]} Kf6 {[%clk 1:03:06]} 84. Kh5 {[%clk
1:14:52]} Rg7 {[%clk 1:02:40]} 85. Qd8+ {[%clk 1:13:16]} Kf7 {[%clk 1:02:50]}
86. Kh6 {[%clk 1:12:47]} Rg6+ {[%clk 1:03:13]} 87. Kh7 {[%clk 1:13:04]} Re6
{[%clk 1:03:26]} 88. Qd5 {[%clk 1:12:32]} Kf6 {[%clk 1:03:45]} 89. Kh6 {[%clk
1:12:46]} Re5 {[%clk 1:03:58]} 90. Qf3+ {[%clk 1:13:01]} Rf5 {[%clk 1:04:17]}
91. Qg3 {[%clk 1:13:13]} Rd5 {[%clk 1:04:18]} 92. Qg6+ {[%clk 1:13:23]} Ke5
{[%clk 1:04:40]} 93. Kg5 {[%clk 1:13:43]} Rd6 {[%clk 1:04:45]} 94. Qf5+ {[%clk
1:14:03]} Kd4 {[%clk 1:05:10]} 95. Kf4 {[%clk 1:14:25]} Rd5 {[%clk 1:05:28]}
96. Qe4+ {[%clk 1:14:37]} Kc5 {[%clk 1:05:47]} 97. Qe7+ {[%clk 1:14:17]} Kd4
{[%clk 1:05:58]} 98. Qe3+ {[%clk 1:14:32]} Kc4 {[%clk 1:06:23]} 99. Ke4 {[%clk
1:14:47]} Rd6 {[%clk 1:06:16]} 100. Qc1+ {[%clk 1:15:04]} Kb5 {[%clk 1:06:35]}
101. Ke5 {[%clk 1:15:04]} Rd7 {[%clk 1:06:46]} 102. Qb2+ {[%clk 1:15:19]} Kc6
{[%clk 1:06:58]} 103. Qc3+ {[%clk 1:15:36]} Kb6 {[%clk 1:07:07]} 104. Qb4+
{[%clk 1:15:53]} Kc6 {[%clk 1:07:29]} 105. Ke6 {[%clk 1:15:55]} Rd8 {[%clk
1:07:37]} 106. Qc4+ {[%clk 1:16:15]} Kb6 {[%clk 1:07:55]} 107. Ke7 {[%clk
1:16:38]} Rb8 {[%clk 1:08:02]} 108. Kd7 {[%clk 1:17:00]} Rb7+ {[%clk 1:08:05]}
109. Kd6 {[%clk 1:17:23]} Ka7 {[%clk 1:08:02]} 110. Kc6 {[%clk 1:17:19]} Rb6+
{[%clk 1:08:22]} 111. Kc5 {[%clk 1:17:41]} Rb7 {[%clk 1:07:57]} 112. Qa4+
{[%clk 1:17:41]} Kb8 {[%clk 1:08:20]} 113. Kc6 {[%clk 1:17:45]} Rc7+ {[%clk
1:08:46]} 114. Kd6 {[%clk 1:18:07]} Rb7 {[%clk 1:09:06]} 115. Qa5 {[%clk
1:18:21]} Ra7 {[%clk 1:08:44]} 116. Qd8+ {[%clk 1:18:35]} Kb7 {[%clk 1:09:07]}
117. Qc7+ {[%clk 1:18:55]} Ka6 {[%clk 1:09:33]} 118. Qc6+ {[%clk 1:19:11]} Ka5
{[%clk 1:09:50]} 119. Kc5 {[%clk 1:19:35]} 1-0

[Event "DVM U12 2018"]
[Site "Magdeburg GER"]
[Date "2018.12.28"]
[Round "3"]
[White "Tomasjan, Samuel"]
[Black "Ermitsch, Magnus"]
[Result "0-1"]
[Termination "normal"]
[Board "4.2"]
[WhiteElo "1435"]
[BlackElo "1627"]
[WhiteClock "00:22:37"]
[BlackClock "00:37:27"]
[WhiteTeam "SF Brackel"]
[BlackTeam "SC Borussia Lichtenberg"]
[PlyCount "88"]
[WhiteFideId "16235584"]
[BlackFideId "16234464"]
[EventCountry "GER"]
[EventRounds "7"]
[EventType "team-swiss"]
[EventDate "2018.12.26"]

1. e4 {[%clk 1:30:59]} c5 {[%clk 1:30:13]} 2. Nf3 {[%clk 1:31:09]} a6 {[%clk
1:29:46]} 3. d4 {[%clk 1:29:02]} cxd4 4. Nxd4 {[%clk 1:28:46]} Nf6 {[%clk
1:28:47]} 5. e5 {[%clk 1:24:49]} Qa5+ {[%clk 1:29:10]} 6. Nc3 {[%clk 1:23:07]}
Qxe5+ {[%clk 1:27:23]} 7. Be3 {[%clk 1:23:00]} Nc6 {[%clk 1:25:37]} 8. Nf3
{[%clk 1:22:04]} Qc7 {[%clk 1:24:39]} 9. Bd3 {[%clk 1:18:44]} e5 {[%clk
1:23:05]} 10. Bg5 {[%clk 1:17:14]} Be7 {[%clk 1:22:09]} 11. O-O {[%clk
1:13:56]} O-O {[%clk 1:20:06]} 12. Re1 {[%clk 1:03:50]} d6 {[%clk 1:17:18]} 13.
Be4 {[%clk 0:57:36]} Bg4 {[%clk 1:13:49]} 14. Bxf6 {[%clk 0:51:43]} Bxf6 {[%clk
1:13:58]} 15. Qd3 {[%clk 0:51:30]} h6 {[%clk 1:06:21]} 16. Rad1 {[%clk
0:49:41]} Nd4 {[%clk 1:04:18]} 17. Rd2 {[%clk 0:47:41]} Bxf3 {[%clk 1:02:03]}
18. Bxf3 {[%clk 0:46:26]} Bg5 {[%clk 1:01:14]} 19. Rdd1 {[%clk 0:42:50]} Rac8
{[%clk 1:00:21]} 20. Bd5 {[%clk 0:40:16]} Qb6 {[%clk 0:52:19]} 21. Bb3 {[%clk
0:37:47]} Kh8 {[%clk 0:46:25]} 22. Ne2 {[%clk 0:28:41]} Nxe2+ {[%clk 0:38:40]}
23. Rxe2 {[%clk 0:28:37]} Rc5 {[%clk 0:37:02]} 24. Qxd6 {[%clk 0:26:44]} Rd8
{[%clk 0:37:02]} 25. Red2 {[%clk 0:23:53]} Rxd6 {[%clk 0:36:44]} 26. Rxd6
{[%clk 0:24:14]} Rc6 {[%clk 0:36:46]} 27. Rd7 Rf6 {[%clk 0:36:40]} 28. Rf1
{[%clk 0:23:16]} Be3 {[%clk 0:36:45]} 29. Bxf7 {[%clk 0:22:25]} Rxf2 {[%clk
0:36:28]} 30. Rxf2 {[%clk 0:22:11]} Bxf2+ {[%clk 0:35:32]} 31. Kh1 {[%clk
0:21:34]} Qf6 {[%clk 0:34:19]} 32. Bc4 {[%clk 0:21:33]} b5 {[%clk 0:34:22]} 33.
Bd3 {[%clk 0:21:42]} Bb6 {[%clk 0:34:27]} 34. Rb7 {[%clk 0:21:41]} e4 {[%clk
0:34:48]} 35. Rb8+ Bd8 {[%clk 0:34:54]} 36. Be2 {[%clk 0:21:40]} Qd6 {[%clk
0:35:06]} 37. Rc8 {[%clk 0:21:38]} Qd2 {[%clk 0:35:08]} 38. Bf1 {[%clk
0:21:13]} e3 {[%clk 0:35:26]} 39. h3 {[%clk 0:21:31]} e2 {[%clk 0:35:43]} 40.
Bxe2 {[%clk 0:21:49]} Qxe2 {[%clk 0:36:00]} 41. Rxd8+ {[%clk 0:22:11]} Kh7
{[%clk 0:36:27]} 42. Rc8 {[%clk 0:22:17]} Qe6 {[%clk 0:36:46]} 43. Rc3 {[%clk
0:22:16]} Qxa2 {[%clk 0:37:05]} 44. Rb3 {[%clk 0:22:37]} Qb1+ {[%clk 0:37:27]}
0-1

[Event "DVM U12 2018"]
[Site "Magdeburg GER"]
[Date "2018.12.28"]
[Round "3"]
[White "Zielke, Ansgar"]
[Black "Römer, Alois"]
[Result "1-0"]
[Termination "normal"]
[Board "4.3"]
[WhiteElo "1642"]
[BlackElo "1444"]
[WhiteClock "00:23:10"]
[BlackClock "04:23:00"]
[WhiteTeam "SC Borussia Lichtenberg"]
[BlackTeam "SF Brackel"]
[PlyCount "113"]
[WhiteFideId "16244800"]
[BlackFideId "16255607"]
[EventCountry "GER"]
[EventRounds "7"]
[EventType "team-swiss"]
[EventDate "2018.12.26"]

1. d4 {[%clk 1:30:55]} d5 {[%clk 1:30:56]} 2. Nf3 {[%clk 1:31:15]} Nf6 {[%clk
1:31:11]} 3. c4 {[%clk 1:31:30]} e6 {[%clk 1:31:23]} 4. Nc3 {[%clk 1:31:35]} c5
{[%clk 1:30:17]} 5. e3 {[%clk 1:31:43]} Nc6 {[%clk 1:30:36]} 6. Be2 {[%clk
1:30:29]} Be7 {[%clk 1:30:44]} 7. O-O {[%clk 1:25:06]} O-O {[%clk 1:30:39]} 8.
dxc5 {[%clk 1:16:59]} Bxc5 {[%clk 1:30:48]} 9. cxd5 {[%clk 1:17:08]} exd5
{[%clk 1:31:03]} 10. Re1 {[%clk 1:14:44]} Re8 {[%clk 1:29:41]} 11. Bb5 {[%clk
1:13:52]} Bg4 {[%clk 1:28:34]} 12. h3 {[%clk 1:09:36]} Bh5 {[%clk 1:27:23]} 13.
Ba4 {[%clk 1:02:21]} Rc8 {[%clk 1:24:40]} 14. Bb3 {[%clk 0:59:41]} d4 {[%clk
1:23:53]} 15. exd4 {[%clk 0:50:38]} Rxe1+ {[%clk 1:20:21]} 16. Qxe1 {[%clk
0:50:56]} Bxf3 {[%clk 1:20:14]} 17. dxc5 {[%clk 0:45:41]} Bh5 {[%clk 1:20:16]}
18. Be3 {[%clk 0:45:31]} Qe7 {[%clk 1:19:49]} 19. Bd1 {[%clk 0:41:57]} Bxd1
{[%clk 1:19:32]} 20. Rxd1 {[%clk 0:42:07]} Ne5 {[%clk 1:17:23]} 21. Nd5 {[%clk
0:38:29]} Nxd5 {[%clk 1:15:57]} 22. Rxd5 {[%clk 0:38:50]} Nc4 {[%clk 1:14:58]}
23. Qc3 {[%clk 0:36:00]} Nxe3 {[%clk 1:15:03]} 24. Qxe3 {[%clk 0:31:25]} Qxe3
{[%clk 1:14:56]} 25. fxe3 {[%clk 0:31:48]} g6 {[%clk 1:14:29]} 26. e4 {[%clk
0:31:11]} Kg7 27. Kf2 {[%clk 0:29:46]} Kf6 {[%clk 1:14:48]} 28. Ke3 b6 {[%clk
1:14:59]} 29. cxb6 {[%clk 0:29:17]} axb6 30. Rd6+ Kg7 {[%clk 1:15:12]} 31. Rxb6
{[%clk 0:29:56]} Rc2 {[%clk 1:15:23]} 32. Kf3 {[%clk 0:30:13]} Rc4 {[%clk
1:15:08]} 33. a3 {[%clk 0:28:34]} Ra4 {[%clk 1:11:34]} 34. Kf4 {[%clk 0:27:02]}
h6 {[%clk 1:10:31]} 35. g4 {[%clk 0:27:02]} Ra5 {[%clk 1:10:31]} 36. e5 {[%clk
0:25:33]} Ra4+ {[%clk 1:10:20]} 37. Rb4 {[%clk 0:25:52]} Ra6 {[%clk 1:09:47]}
38. a4 Rc6 {[%clk 4:23:00]} 39. a5 {[%clk 0:23:10]} Rc5 {[%clk 4:23:00]} 40.
Ra4 {[%clk 0:23:10]} g5+ {[%clk 4:23:00]} 41. Ke4 {[%clk 0:23:10]} f6 {[%clk
4:23:00]} 42. exf6+ {[%clk 0:23:10]} Kxf6 {[%clk 4:23:00]} 43. Ra3 {[%clk
0:23:10]} Rc4+ {[%clk 4:23:00]} 44. Kd5 {[%clk 0:23:10]} Rc2 {[%clk 4:23:00]}
45. b4 {[%clk 0:23:10]} Rd2+ {[%clk 4:23:00]} 46. Kc5 {[%clk 0:23:10]} Rc2+
{[%clk 4:23:00]} 47. Kb6 {[%clk 0:23:10]} Re2 {[%clk 4:23:00]} 48. Rc3 {[%clk
0:23:10]} Kg7 {[%clk 4:23:00]} 49. b5 {[%clk 0:23:10]} Re6+ {[%clk 4:23:00]}
50. Kb7 {[%clk 0:23:10]} Re5 {[%clk 4:23:00]} 51. Ka6 {[%clk 0:23:10]} Kh7
{[%clk 4:23:00]} 52. b6 {[%clk 0:23:10]} Kg6 {[%clk 4:23:00]} 53. b7 {[%clk
0:23:10]} Re6+ {[%clk 4:23:00]} 54. Ka7 {[%clk 0:23:10]} Re7 {[%clk 4:23:00]}
55. Ka8 {[%clk 0:23:10]} Re5 {[%clk 4:23:00]} 56. Rc6+ {[%clk 0:23:10]} Kg7
{[%clk 4:23:00]} 57. a6 {[%clk 0:23:10]} 1-0